| 000 | 00429nam a22001697a 4500 | ||
|---|---|---|---|
| 005 | 20230614142708.0 | ||
| 008 | 230607b |||||||| |||| 00| 0 eng d | ||
| 082 |
_a005.37 _bLAN-D |
||
| 100 |
_aLangsum,Yedidyah _aMoshe,J.Augenstein _aAaron,M.Tenenbaum |
||
| 245 | _aData Structures Using C AND C++ | ||
| 250 | _a2nd ed. | ||
| 300 | _a672 | ||
| 500 | _aInclude Index | ||
| 650 | _aComputer | ||
| 700 | _aLangsum | ||
| 999 |
_c18656 _d18656 |
||